00367 2200157 4500245003800000020002200038250001100060100001200071650001600083005001900099260003300118041001400151084000800165300002700173336000900200 aThat Summer BreezecOrizukahText a978-602-8290-92-0 aCet. 2 aOrizuka aNovel Fiksi a20230112112139 aJakartabPuspa Populerc2013 aIndonesia a813 aiv, 236 hlm. :c19 cm. atext